| 000 | 00883nam a2200241 i 4500 | ||
|---|---|---|---|
| 001 | 187523 | ||
| 003 | ES-MaACL | ||
| 005 | 20260215124324.0 | ||
| 008 | 171025s1909 fr |||| | fre d | ||
| 245 | 0 | 2 |
_aL'Enseignement du français / _cpar MM. G. Lanson, G. Rudler, A. Cahen, J. Bezard. |
| 260 |
_aParis : _bMusée Pédagogique, _c1909. |
||
| 300 |
_a197 p. ; _c20 cm. |
||
| 490 | 1 | _aPublications du Musée Pédagogique ; Nouvelle série | |
| 650 | 0 | 4 |
_aLengua francesa- _xEnseñanza. _914215 |
| 700 | 1 |
_aLanson, Gustave, _d1857-1934 _970098 |
|
| 700 | 0 |
_aRudler, Gustave. _9100492 |
|
| 700 | 1 |
_aCahen, Albert, _d1857-1937 _9163764 |
|
| 700 | 1 |
_aBezard, Julien. _9163765 |
|
| 710 | 2 |
_aMusée Pédagogique (Paris) _9163741 |
|
| 830 | 0 |
_aPublications du Musée Pédagogique ; Nouvelle série _9192793 |
|
| 852 |
_aES-MaACL _jF-5981(1) |
||
| 999 |
_c187523 _d187523 |
||